[Event "Seefeld op 15th"]
[Site "Seefeld"]
[Date "2004.09.21"]
[Round "4"]
[White "Moser, Armin"]
[Black "Hertel, Peter"]
[Result "1/2-1/2"]
[WhiteElo "2082"]
[BlackElo "2267"]
[PlyCount "80"]
[EventDate "2004.09.18"]
[EventType "swiss"]
[EventRounds "9"]
[EventCountry "AUT"]
[SourceTitle "EXT 2005"]
[Source "ChessBase"]
[SourceDate "2004.11.15"]
[SourceVersion "1"]
[SourceVersionDate "2004.11.15"]
[SourceQuality "1"]

1. Nf3 Nf6 2. g3 g6 3. Bg2 Bg7 4. 0-0 0-0 5. c4 d6 6. Nc3 e5 7. e4 Nc6 8. h3 Ne8 9. d3 f5 10. exf5 gxf5 11. Ng5 Nf6 12. f4 Nd4 13. Re1 c6 14. fxe5 dxe5 15. Nf3 Nxf3+ 16. Qxf3 Re8 17. Rb1 h6 18. Kh2 a5 19. b3 Nh7 20. h4 Nf6 21. Bh3 Rf8 22. Ba3 Rf7 23. Kg2 Ng4 24. Bc5 e4 25. dxe4 Qd2+ 26. Ne2 fxe4 27. Qxe4 Bf5 28. Qf4 Qxf4 29. Nxf4 Bxb1 30. Bxg4 Bf5 31. Bh5 Rd7 32. Re2 Bf8 33. Bxf8 Rxf8 34. Kf3 b5 35. cxb5 cxb5 36. Re5 Bd3 37. Ke3 Bf1 38. Kf2 Bd3 39. Ke3 Bf1 40. Kf2 Bd3 1/2-1/2

[Event "Bad Zwesten op 8th"]
[Site "Bad Zwesten"]
[Date "2004.01.07"]
[Round "9"]
[White "Simon, Goetz Jochen"]
[Black "Moser, Armin"]
[Result "0-1"]
[WhiteElo "1610"]
[BlackElo "2116"]
[PlyCount "124"]
[EventDate "2004.01.??"]
[EventType "swiss"]
[EventRounds "9"]
[EventCountry "GER"]
[SourceTitle "CBM 098 Extra"]
[Source "ChessBase"]
[SourceDate "2004.03.10"]
[SourceVersion "2"]
[SourceVersionDate "2004.03.10"]
[SourceQuality "1"]

1. e4 g6 2. d4 Bg7 3. Nf3 d6 4. c4 Nf6 5. Nc3 0-0 6. Be2 c6 7. 0-0 Nbd7 8. h3 Qc7 9. Be3 e5 10. Qc2 d5 11. Rac1 dxe4 12. Ng5 h6 13. Ngxe4 Nxe4 14. Nxe4 exd4 15. Bd2 c5 16. f4 b6 17. f5 Qd8 18. Nd6 Ne5 19. Qe4 Rb8 20. Nxc8 Rxc8 21. fxg6 fxg6 22. Rxf8+ Qxf8 23. Rf1 Qe8 24. Qd5+ Kh7 25. Bf4 Rc7 26. b3 Re7 27. Bg3 Nd7 28. Bf3 Nf6 29. Qc6 Ne4 30. Qxe8 Rxe8 31. Re1 Nd6 32. Rxe8 Nxe8 33. Bb8 Bf6 34. Bxa7 Bd8 35. a4 Nd6 36. a5 Nc8 37. axb6 Bxb6 38. Bb8 Ne7 39. g4 g5 40. Bd6 Ng6 41. Be4 Kg7 42. Kf2 Kf6 43. Ke2 Nf4+ 44. Kd2 Ba5+ 45. Kc2 Bb4 46. Bxf4 gxf4 47. Bf3 Kg5 48. Kd3 Kh4 49. Ke4 Kg3 50. Be2 Bd2 51. Bf3 Kxh3 52. Bd1 Kg3 53. Bf3 Kf2 54. Bd1 Bc1 55. Kd5 Ke3 56. Kxc5 d3 57. b4 f3 58. b5 f2 59. b6 f1Q 60. b7 Qf8+ 61. Kc6 Qb8 62. Kb6 Ba3 0-1

[Event "Seefeld op 14th"]
[Site "Seefeld"]
[Date "2003.09.19"]
[Round "7"]
[White "Mertens, Klaus"]
[Black "Moser, Armin"]
[Result "1-0"]
[WhiteElo "2162"]
[BlackElo "1727"]
[PlyCount "81"]
[EventDate "2003.09.13"]
[EventType "swiss"]
[EventRounds "9"]
[EventCountry "AUT"]
[SourceTitle "CBM 097 Extra"]
[Source "ChessBase"]
[SourceDate "2004.01.13"]
[SourceVersion "1"]
[SourceVersionDate "2004.01.13"]
[SourceQuality "1"]

1. Nf3 Nf6 2. g3 g6 3. Bg2 Bg7 4. c4 c6 5. 0-0 0-0 6. Nc3 d5 7. d3 dxc4 8. dxc4 Qxd1 9. Rxd1 Be6 10. Nd2 Na6 11. Rb1 Rfd8 12. b3 Rd7 13. Ba3 Rad8 14. Nf1 Kf8 15. Rxd7 Rxd7 16. e4 Ng4 17. Ne2 Ne5 18. Nf4 Nc7 19. Nxe6+ Nxe6 20. f4 Ng4 21. e5 f6 22. Bh3 h5 23. Bxg4 hxg4 24. exf6 Bxf6 25. Bb2 Rd3 26. Kf2 Bxb2 27. Rxb2 Rf3+ 28. Ke1 Nc5 29. Rc2 a5 30. Ke2 Ne4 31. Ne3 Rf2+ 32. Kd3 Rxc2 33. Kxc2 Nf6 34. Kd3 Kf7 35. c5 Ke6 36. Kd4 Nd5 37. Nxg4 Nb4 38. a4 Na2 39. Ne5 Nc1 40. Kc3 Kd5 41. Nxg6 1-0

[Event "Seefeld op 14th"]
[Site "Seefeld"]
[Date "2003.09.17"]
[Round "5"]
[White "Gruber, Michael"]
[Black "Moser, Armin"]
[Result "1-0"]
[WhiteElo "2131"]
[BlackElo "1727"]
[PlyCount "96"]
[EventDate "2003.09.13"]
[EventType "swiss"]
[EventRounds "9"]
[EventCountry "AUT"]
[SourceTitle "CBM 097 Extra"]
[Source "ChessBase"]
[SourceDate "2004.01.13"]
[SourceVersion "1"]
[SourceVersionDate "2004.01.13"]
[SourceQuality "1"]

1. e4 g6 2. d4 Bg7 3. Nc3 c6 4. Nf3 d5 5. h3 dxe4 6. Nxe4 Nd7 7. Bd3 Ngf6 8. c3 Nxe4 9. Bxe4 Nf6 10. Bc2 Be6 11. 0-0 Bd5 12. Re1 0-0 13. Bg5 Re8 14. Ne5 Nd7 15. Ng4 f6 16. Bh4 Qc7 17. Bb3 Nb6 18. Qe2 Bxb3 19. axb3 Qd6 20. Bg3 Qd7 21. Rad1 Nc8 22. Qe6+ Qxe6 23. Rxe6 Kf7 24. Rde1 Nd6 25. Kf1 Rad8 26. Nh2 Bh6 27. Nf3 Nf5 28. Bh2 Nd6 29. R6e2 e6 30. Ra1 a6 31. Ne1 Bf8 32. Nd3 Nb5 33. Re3 Bd6 34. Bxd6 Rxd6 35. Nc5 b6 36. Ne4 Rd7 37. Rxa6 Rb8 38. Re1 Ke7 39. Ng3 Nd6 40. Ne2 Ne4 41. Nf4 Nd2+ 42. Kg1 Nxb3 43. Rxe6+ Kf7 44. Rxc6 Re7 45. Rcxb6 Nd2 46. Rxf6+ Kg7 47. Rfe6 Rxb2 48. Rxe7+ Kf8 1-0